000 00260nam a22001217a 4500
082 _a823
_bSYA/A
100 _aSYAMALA, S
245 _aADV OF PRINCE DIVYENDU
260 _aDELHI
_bRUPA & CO
_c2004
300 _a68
650 _aENGLISH STORY
_zINDIA
942 _cBK
999 _c7417
_d7417